| 000 | 00541nam a2200121Ia 4500 | ||
|---|---|---|---|
| 008 | 220615s9999||||xx |||||||||||||| ||und|| | ||
| 100 | _aPatmore, Greg | ||
| 245 | 0 | _aWorker Voice | |
| 546 | _aEnglish[eng] | ||
| 650 | _aHistory||Australia||Canada||Colorado Fuel and Iron||Germany||Trade union||Works council | ||
| 856 | _uhttps://library.oapen.org/bitstream/20.500.12657/30046/1/650051.pdf||https://library.oapen.org/bitstream/20.500.12657/30046/1/650051.pdf||https://library.oapen.org/bitstream/20.500.12657/30046/1/650051.pdf | ||
| 942 | _cEB | ||
| 999 |
_c18240 _d18240 |
||